APEC Schools

Crooks, crime and corruption / (Record no. 8067)

000 -LEADER
fixed length control field nam a22 7a 4500
005 - DATE AND TIME OF LATEST TRANSACTION
control field 20190912021730.0
008 - FIXED-LENGTH DATA ELEMENTS--GENERAL INFORMATION
fixed length control field 190912b xxu||||| |||| 00| 0 eng d
020 ## - IDENTIFIER FOR THE MANIFESTATION
Identifier for the Manifestation 1851521585
Binding hard bound
040 ## - CATALOGING SOURCE
Language of Cataloging eng
Transcribing Agency APEC Schools Library
Description Conventions rda
082 ## - DEWEY DECIMAL CLASSIFICATION NUMBER
Classification number C 364.3
Author's Number B662c 1991
100 ## - CREATOR
Preferred Name of the Person Boar, Roger
245 ## - TITLE AND STATEMENT OF RESPONSIBILITY
Preferred Title Proper Crooks, crime and corruption /
Statement of Responsibility/Parallel Statement of Responsibility Roger Boar
264 ## - PUBLICATION STATEMENT
Place of publication, distribution, etc London, England :
Publisher's Name/Parallel Publisher's Name Chancellor Press,
Copyright ©1991.
300 ## - PHYSICAL DESCRIPTION
Extent 543 pages ;
336 ## - RDA CONTENT
Source rdacontent
Content Type text
337 ## - RDA MEDIA
Source rdamedia
Media Type unmediated
338 ## - RDA CARRIER
Source rdacarrier
Carrier Type volume
650 ## - ADDED SUBJECT ACCESS POINT - TOPICAL TERM
Topical Term Criminals.
650 ## - ADDED SUBJECT ACCESS POINT - TOPICAL TERM
Topical Term Fraud.
942 ## - ADDED ENTRY ELEMENTS (KOHA)
Source of Classification
Koha Item Type Non Fiction
Holdings
Library Site Location Shelving Location Source of Acquisition Full Classification Number Accession Number Koha Item Type
APEC Marikina Heights Library APEC Marikina Heights Library Circulation Donation C 364.3 B662c 1991 A08-0000149D Non Fiction

Powered by Koha